| 000 | 00757nam a2200229Ia 4500 | ||
|---|---|---|---|
| 003 | OSt | ||
| 005 | 20241107154059.0 | ||
| 008 | 210716s2007 xx 000 0 und d | ||
| 020 | _a9780070618169 | ||
| 040 | _cAIMIT LIBRARY | ||
| 041 | _aeng | ||
| 082 |
_a651.7 _21 _bARGP |
||
| 100 |
_aAgrenti, Paul A. _9184538 |
||
| 245 |
_aStrategic corporate communication / _cBy Paul A Argenti. |
||
| 250 | _a1st ed. | ||
| 260 |
_aNew Delhi : _bTata McGraw Hill Publishing Company Ltd , _c2007. |
||
| 300 |
_a274p. ; _bPB _c24.4 cm |
||
| 650 |
_aStrategic communication for Indian corporates _9184539 |
||
| 650 |
_aCorporate advertising _9184540 |
||
| 650 |
_aThe growing importance of corporate reputation in India _9184541 |
||
| 942 |
_2ddc _cBK _e1st _k651.7 ARGP |
||
| 999 |
_c207124 _d207124 |
||